| 000 | 00594nam a2200193 a 4500 | ||
|---|---|---|---|
| 005 | 20140310183546.0 | ||
| 008 | 111010s19uu xx 00 eng d | ||
| 020 | _a9788190723626 | ||
| 050 |
_aKD 3372 _b.M181 2009 |
||
| 100 | _aMadhavan, K.N. | ||
| 245 |
_aEnvironment law, pollution and management : _bwith case studies / _cK.N. Madhavan. |
||
| 260 |
_aNew Delhi : _bA.K. Publications, _c2009. |
||
| 300 |
_a237 p. : _c22 cm. |
||
| 650 | _aEnvironmental law | ||
| 650 | _aEnvironmental management | ||
| 650 |
_aPollution _xLaw and legislation |
||
| 942 |
_cBK _2lcc _kFOR |
||
| 999 |
_c24871 _d24871 |
||